| 000 | 00732cam a2200229 4500500 | ||
|---|---|---|---|
| 005 | 20260329005630.0 | ||
| 041 | _afre | ||
| 042 | _adc | ||
| 100 | 1 | 0 |
_aLarmagnac-Matheron, Octave _eauthor |
| 245 | 0 | 0 | _aFrançois Noudelmann : “Aux États-Unis, l’antisémitisme est devenu un enjeu national” |
| 260 | _c2024. | ||
| 500 | _a25 | ||
| 690 | _aÉtats-Unis | ||
| 690 | _aFrançois Noudelmann | ||
| 690 | _aGaza | ||
| 690 | _aManifestations | ||
| 690 | _aMinorités | ||
| 690 | _aPalestine | ||
| 690 | _aUniversité | ||
| 786 | 0 | _nPhilosophie magazine | 180 | 6 | 2024-06-01 | p. 11-11 | 1951-1787 | |
| 856 | 4 | 1 | _uhttps://shs.cairn.info/magazine-philosophie-magazine-2024-6-page-11?lang=fr&redirect-ssocas=7080 |
| 999 |
_c1845116 _d1845116 |
||